<?xml version="1.0" encoding="UTF-8"?>
<collection xmlns="http://www.loc.gov/MARC21/slim">
 <record>
  <leader>04375nam a2200397 a 4500</leader>
  <controlfield tag="001">1/44993</controlfield>
  <controlfield tag="008">140723s2004    ne            001 0 eng  </controlfield>
  <datafield tag="020" ind1=" " ind2=" ">
   <subfield code="a">9780750677578</subfield>
  </datafield>
  <datafield tag="020" ind1=" " ind2=" ">
   <subfield code="a">0750677570</subfield>
  </datafield>
  <datafield tag="020" ind1=" " ind2=" ">
   <subfield code="a">1417544368 (electronic bk.)</subfield>
  </datafield>
  <datafield tag="020" ind1=" " ind2=" ">
   <subfield code="a">9781417544363 (electronic bk.)</subfield>
  </datafield>
  <datafield tag="020" ind1=" " ind2=" ">
   <subfield code="a">1592783031 (electronic bk. : Adobe Reader)</subfield>
  </datafield>
  <datafield tag="020" ind1=" " ind2=" ">
   <subfield code="a">9781592783038 (electronic bk. : Adobe Reader)</subfield>
  </datafield>
  <datafield tag="020" ind1=" " ind2=" ">
   <subfield code="a">0080478840 (electronic bk.)</subfield>
  </datafield>
  <datafield tag="020" ind1=" " ind2=" ">
   <subfield code="a">9780080478845 (electronic bk.)</subfield>
  </datafield>
  <datafield tag="035" ind1=" " ind2=" ">
   <subfield code="l">47950</subfield>
  </datafield>
  <datafield tag="040" ind1=" " ind2=" ">
   <subfield code="a">OPELS</subfield>
   <subfield code="b">eng</subfield>
   <subfield code="c">OPELS</subfield>
   <subfield code="d">OCLCG</subfield>
   <subfield code="d">OCLCQ</subfield>
   <subfield code="d">N$T</subfield>
   <subfield code="d">YDXCP</subfield>
   <subfield code="d">EBLCP</subfield>
   <subfield code="d">MERUC</subfield>
   <subfield code="d">IDEBK</subfield>
   <subfield code="d">ZCU</subfield>
   <subfield code="d">KNOVL</subfield>
   <subfield code="d">OCLCQ</subfield>
   <subfield code="d">OCLCA</subfield>
   <subfield code="d">MYPMP</subfield>
   <subfield code="d">KNOVL</subfield>
   <subfield code="d">OCLCA</subfield>
   <subfield code="d">KNOVL</subfield>
   <subfield code="d">OCLCF</subfield>
   <subfield code="d">GR-PeUP</subfield>
  </datafield>
  <datafield tag="100" ind1="1" ind2=" ">
   <subfield code="a">Messler, Robert W.,</subfield>
   <subfield code="c">Jr.,</subfield>
   <subfield code="d">1942-</subfield>
  </datafield>
  <datafield tag="245" ind1="1" ind2="0">
   <subfield code="a">Joining of materials and structures</subfield>
   <subfield code="h">[electronic resource] :</subfield>
   <subfield code="b">from pragmatic process to enabling technology /</subfield>
   <subfield code="c">Robert W. Messler, Jr.</subfield>
  </datafield>
  <datafield tag="260" ind1=" " ind2=" ">
   <subfield code="a">Amsterdam ;</subfield>
   <subfield code="a">Boston :</subfield>
   <subfield code="b">Elsevier,</subfield>
   <subfield code="c">c2004.</subfield>
  </datafield>
  <datafield tag="300" ind1=" " ind2=" ">
   <subfield code="a">1 online resource (xxiv, 790 p.) :</subfield>
   <subfield code="b">ill.</subfield>
  </datafield>
  <datafield tag="520" ind1=" " ind2=" ">
   <subfield code="a">Joining of Materials and Structures is the first and only complete and highly readable treatment of the options for joining conventional materials and the structures they comprise in conventional and unconventional ways, and for joining emerging materials and structures in novel ways. Joining by mechanical fasteners, integral designed-or formed-in features, adhesives, welding, brazing, soldering, thermal spraying, and hybrid processes are addressed as processes and technologies, as are issues associated with the joining of metals, ceramics (including cement and concrete) glass, plastics, and composites (including wood), as well as, for the first time anywhere, living tissue. While focused on materials issues, issues related to joint design, production processing, quality assurance, process economics, and joint performance in service are not ignored. The book is written for engineers, from an in-training student to a seasoned practitioner by an engineer who chose to teach after years of practice. By reading and referring to this book, the solutions to joining problems will be within ones grasp. Key Features: Unprecedented coverage of all joining options (from lashings to lasers) in 10 chapters Uniquely complete coverage of all materials, including living tissues, in 6 chapters Richly illustrated with 76 photographs and 233 illustrations or plots Practice Questions and Problems for use as a text of for reviewing to aid for comprehension * Coverage all of major joining technologies, including welding, soldering, brazing, adhesive and cement bonding, pressure fusion, riveting, bolting, snap-fits, and more * Organized by both joining techniques and materials types, including metals, non-metals, ceramics and glasses, composites, biomaterials, and living tissue * An ideal reference for design engineers, students, package and product designers, manufacturers, machinists, materials scientists.</subfield>
  </datafield>
  <datafield tag="505" ind1="0" ind2=" ">
   <subfield code="a">Introduction to Joining: A Process and a Technology; Mechanical Joining; Mechanical Fasteners, Integral Attachments, &amp; Other Mechanical Joining Methods; Adhesive Bonding &amp; Cementing; Adhesives, Cements, Mortars, and the Bonding Process; Welding as a Joining Process; The Basics of Welding Metallurgy; Brazing: A Subclassification of Welding; Soldering: A Subset of Brazing; Other Joining Processes: Variants &amp; Hybrids; Joining Metals, Alloys, and Internetallics; Joining of Ceramics and Glasses; Joining of Polmeric Materials; Joining Composite Materials and Structures; Joining Dissimilar Material Combinations; Joining Structures and Living Tissue.</subfield>
  </datafield>
  <datafield tag="504" ind1=" " ind2=" ">
   <subfield code="a">Includes bibliographical references and index.</subfield>
  </datafield>
  <datafield tag="506" ind1=" " ind2=" ">
   <subfield code="a">License restrictions may limit access.</subfield>
  </datafield>
  <datafield tag="650" ind1=" " ind2="4">
   <subfield code="a">Joints (Engineering)</subfield>
  </datafield>
  <datafield tag="650" ind1=" " ind2="4">
   <subfield code="a">Fasteners.</subfield>
  </datafield>
  <datafield tag="655" ind1=" " ind2="4">
   <subfield code="a">Electronic books.</subfield>
  </datafield>
  <datafield tag="852" ind1=" " ind2=" ">
   <subfield code="a">INST</subfield>
   <subfield code="b">UNIPILB</subfield>
   <subfield code="c">EBOOKS</subfield>
   <subfield code="e">20140723</subfield>
   <subfield code="p">00b47950</subfield>
   <subfield code="q">00b47950</subfield>
   <subfield code="t">ONLINE</subfield>
   <subfield code="y">0</subfield>
  </datafield>
  <datafield tag="856" ind1="4" ind2="0">
   <subfield code="3">ScienceDirect</subfield>
   <subfield code="u">http://www.sciencedirect.com/science/book/9780750677578</subfield>
  </datafield>
  <datafield tag="856" ind1="4" ind2=" ">
   <subfield code="d">/webopac/covers/03/47950_9780750677578.jpg</subfield>
  </datafield>
  <datafield tag="856" ind1="4" ind2=" ">
   <subfield code="d">/webopac/covers/03/47950_0750677570.jpg</subfield>
  </datafield>
  <datafield tag="856" ind1="4" ind2=" ">
   <subfield code="d">/webopac/covers/03/47950_1592783031.jpg</subfield>
   <subfield code="z">(electronic bk. : Adobe Reader)</subfield>
  </datafield>
  <datafield tag="856" ind1="4" ind2=" ">
   <subfield code="d">/webopac/covers/03/47950_9781592783038.jpg</subfield>
   <subfield code="z">(electronic bk. : Adobe Reader)</subfield>
  </datafield>
  <datafield tag="856" ind1="4" ind2=" ">
   <subfield code="d">/webopac/covers/03/47950_0080478840.jpg</subfield>
   <subfield code="z">(electronic bk.)</subfield>
  </datafield>
  <datafield tag="856" ind1="4" ind2=" ">
   <subfield code="d">/webopac/covers/03/47950_9780080478845.jpg</subfield>
   <subfield code="z">(electronic bk.)</subfield>
  </datafield>
 </record>
</collection>
